Applied numerical methods using MATLAB / (Record no. 60613)
[ view plain ]
| 000 -LEADER | |
|---|---|
| fixed length control field | 01530cam a22003374a 4500 |
| 001 - CONTROL NUMBER | |
| control field | 13620935 |
| 003 - CONTROL NUMBER IDENTIFIER | |
| control field | NUST-PNEC |
| 005 - DATE AND TIME OF LATEST TRANSACTION | |
| control field | 20170116180703.0 |
| 008 - FIXED-LENGTH DATA ELEMENTS--GENERAL INFORMATION | |
| fixed length control field | 040610s2005 njua b 001 0 eng |
| 010 ## - LIBRARY OF CONGRESS CONTROL NUMBER | |
| LC control number | 2004013108 |
| 020 ## - INTERNATIONAL STANDARD BOOK NUMBER | |
| International Standard Book Number | 0471698334 |
| 040 ## - CATALOGING SOURCE | |
| Original cataloging agency | DLC |
| Transcribing agency | PNEC |
| 042 ## - AUTHENTICATION CODE | |
| Authentication code | pcc |
| 050 00 - LIBRARY OF CONGRESS CALL NUMBER | |
| Classification number | QA297 |
| Item number | .A685 2005 |
| 082 00 - DEWEY DECIMAL CLASSIFICATION NUMBER | |
| Classification number | 518 YAN |
| Edition number | 22 |
| 100 ## - MAIN ENTRY--PERSONAL NAME | |
| 9 (RLIN) | 279 |
| Personal name | Yang, Won Y. |
| 245 00 - TITLE STATEMENT | |
| Title | Applied numerical methods using MATLAB / |
| Statement of responsibility, etc. | Won Young Yang ... [et al.]. |
| 260 ## - PUBLICATION, DISTRIBUTION, ETC. | |
| Place of publication, distribution, etc. | Hoboken, N.J. : |
| Name of publisher, distributor, etc. | Wiley-Interscience, |
| Date of publication, distribution, etc. | c2005. |
| 300 ## - PHYSICAL DESCRIPTION | |
| Extent | xiv, 509 p. : |
| Other physical details | ill. ; |
| Dimensions | 25 cm. |
| 500 ## - GENERAL NOTE | |
| General note | Includes Index http://www.amazon.com/Applied-Numerical-Methods-Using-MATLAB/dp/0471698334/ref=sr_1_1?s=books&ie=UTF8&qid=1410592707&sr=1-1&keywords=0471698334 |
| 504 ## - BIBLIOGRAPHY, ETC. NOTE | |
| Bibliography, etc. note | Includes bibliographical references (p. 497-498) and indexes. |
| 630 00 - SUBJECT ADDED ENTRY--UNIFORM TITLE | |
| Uniform title | MATLAB. |
| 650 #0 - SUBJECT ADDED ENTRY--TOPICAL TERM | |
| Topical term or geographic name entry element | Numerical analysis |
| General subdivision | ME, MIS |
| 700 1# - ADDED ENTRY--PERSONAL NAME | |
| Personal name | Yang, Wŏn-yŏng, |
| Dates associated with a name | 1953- |
| 856 41 - ELECTRONIC LOCATION AND ACCESS | |
| Materials specified | Table of contents only |
| Uniform Resource Identifier | <a href="http://www.loc.gov/catdir/toc/ecip0418/2004013108.html">http://www.loc.gov/catdir/toc/ecip0418/2004013108.html</a> |
| 856 42 - ELECTRONIC LOCATION AND ACCESS | |
| Materials specified | Contributor biographical information |
| Uniform Resource Identifier | <a href="http://www.loc.gov/catdir/enhancements/fy0616/2004013108-b.html">http://www.loc.gov/catdir/enhancements/fy0616/2004013108-b.html</a> |
| 856 42 - ELECTRONIC LOCATION AND ACCESS | |
| Materials specified | Publisher description |
| Uniform Resource Identifier | <a href="http://www.loc.gov/catdir/enhancements/fy0616/2004013108-d.html">http://www.loc.gov/catdir/enhancements/fy0616/2004013108-d.html</a> |
| 906 ## - LOCAL DATA ELEMENT F, LDF (RLIN) | |
| a | 7 |
| b | cbc |
| c | orignew |
| d | 1 |
| e | ecip |
| f | 20 |
| g | y-gencatlg |
| 942 ## - ADDED ENTRY ELEMENTS (KOHA) | |
| Source of classification or shelving scheme | |
| Koha item type | Book |
| Withdrawn status | Lost status | Source of classification or shelving scheme | Damaged status | Not for loan | Permanent Location | Current Location | Shelving location | Date acquired | Source of acquisition | Cost, normal purchase price | Total Checkouts | Full call number | Barcode | Date last seen | Cost, replacement price | Price effective from | Koha item type |
|---|---|---|---|---|---|---|---|---|---|---|---|---|---|---|---|---|---|
| Pakistan Navy Engineering College (PNEC) | Pakistan Navy Engineering College (PNEC) | Reference | 09/07/2007 | Educational Books | 7229.00 | 518 YAN | PNECLIB-028416 | 09/13/2014 | 7229.00 | 09/07/2007 | Book | ||||||
| Pakistan Navy Engineering College (PNEC) | Pakistan Navy Engineering College (PNEC) | 07/31/2015 | 518 YAN | PNECLIB-028226 | 07/31/2015 | 07/31/2015 | Book |
